La Impugnación de los actos administrativos de trámite / Ernesto García-Trevijano Garnica ; prólogo de Rafael Gómez-Ferrer Morant
ISBN:
84-7111-311-2
Descripción Física:
494 p. ; 24 cm
Otros Autores:
Gómez-Ferrer Morant, Rafael
MARC
| LEADER | 00000nam a2200000Ia 4500 | ||
|---|---|---|---|
| 001 | 20517 | ||
| 008 | 160829s1993 xx 000 0 cat d | ||
| 020 | |a 84-7111-311-2 | ||
| 080 | |a M-6-54 | ||
| 100 | |a García-Trevijano Garnica, Ernesto |9 18039 | ||
| 245 | |a La Impugnación de los actos administrativos de trámite / Ernesto García-Trevijano Garnica ; prólogo de Rafael Gómez-Ferrer Morant | ||
| 260 | |a Madrid : |b Montecorvo, |c 1993 | ||
| 300 | |a 494 p. ; |c 24 cm | ||
| 590 | |a Bibliografia | ||
| 650 | 0 | |a Actes administratius |z Espanya |9 10659 | |
| 650 | 0 | |a Recursos administratius |x Espanya |9 45305 | |
| 650 | |a Control jurisdiccional de l'administració |x Espanya I |9 42498 | ||
| 650 | |a Dret administratiu |x Legislació |x Espanya |9 25686 | ||
| 650 | 0 | |a Procediment administratiu |z Espanya |9 19587 | |
| 650 | |a Apel·lació |x Espanya |9 42499 | ||
| 700 | |a Gómez-Ferrer Morant, Rafael |e autor del pròleg |9 45978 | ||
| 901 | |a Arxiu | ||
| 942 | |n 1 |2 udc | ||
| 952 | |0 0 |1 0 |4 0 |6 M654 |7 1 |9 50868 |a Arxiu |b Arxiu |d 2016-12-01 |l 0 |o M-6-54 |p 20517 |r 2016-12-01 00:00:00 |w 2016-12-01 |y ARXIU | ||
| 999 | |c 54710 |d 54710 | ||